00555nam a22002057a 450000500170000001000110001702000100002803500110003803700160004904000120006508200150007710000210009224501000011326000440021327000290025730000270028650000060031365000130031965000170033220170124105939.0 a870642 c00.00 a870642 bCen Lib/Ret aDPLbEN a220.32SEN aSen, Chitrabhanu aDictionary of the vedic riyuals :cby swami Chetananandabbased on the srauta and grhya sutra / aDelhibConcept publishing companyc1989 bDelhia65-F, Anand nagar a166p.:c21cm(Hb)bill. a  aHinduism aHindu ethics